|
|
|
|
| LEADER |
00000nta a2200000 i 4500 |
| 001 |
dolg37844 |
| 005 |
20211022065928.0 |
| 008 |
211022s2014 hu om 000 hun d |
| 040 |
|
|
|a BGE Dolgozattár Repozitórium
|b hun
|
| 041 |
|
|
|a hu
|
| 100 |
1 |
|
|a Neszményi Attila
|
| 245 |
1 |
2 |
|a A BRICS országok gazdasága és együttműködése, valamint külgazdasági és diplomáciai kapcsolatai az Európai Unióval és Magyarországgal
|c Neszményi Attila
|h [elektronikus dokumentum]
|
| 260 |
|
|
|c 2014
|
| 695 |
|
|
|a Gazdasági együttműködés
|
| 695 |
|
|
|a Külkapcsolatok
|
| 700 |
1 |
|
|a Nincs adat Nincs adat
|e ths
|
| 856 |
4 |
0 |
|u http://dolgozattar.uni-bge.hu/37844/1/D_17034_J15YHA%20-%20Neszm%C3%A9nyi%20Attila.pdf
|z Dokumentum-elérés
|